| 000 | 00676nam a2200217Ia 4500 | ||
|---|---|---|---|
| 008 | 130821s1992 sp gr spa | ||
| 020 | _a8471009870 | ||
| 040 |
_aCo-BoUCM _bspa |
||
| 041 | 0 | 0 | _aspa |
| 110 |
_aFundación MAPFRE _959901 |
||
| 245 | 0 | 0 |
_aManual de seguridad en el trabajo _cFundación MAPFRE |
| 260 |
_aMadrid (España) _bMAPFRE _c1992 |
||
| 300 | _a1261 páginas | ||
| 504 | _aIncluye índice | ||
| 650 | 0 | 4 |
_aAccidentes de trabajo _98309 |
| 650 | 0 | 4 |
_aSalud ocupacional _923954 |
| 650 | 0 | 4 |
_aSaneamiento ambiental _923997 |
| 650 | 0 | 4 |
_aSeguridad industrial _924101 |
| 942 |
_cLIBRO _a16 _e1 _mF85 _2DEWEY _h363.11 |
||
| 999 |
_c20662 _d20662 |
||